<?xml version="1.0" encoding="UTF-8"?>
<record
    xmlns:xsi="http://www.w3.org/2001/XMLSchema-instance"
    xsi:schemaLocation="http://www.loc.gov/MARC21/slim http://www.loc.gov/standards/marcxml/schema/MARC21slim.xsd"
    xmlns="http://www.loc.gov/MARC21/slim">

  <leader>00736nam a2200181Ia 4500</leader>
  <datafield tag="999" ind1=" " ind2=" ">
    <subfield code="c">48581</subfield>
    <subfield code="d">48581</subfield>
  </datafield>
  <controlfield tag="001">15480</controlfield>
  <controlfield tag="003">GE_BSU</controlfield>
  <controlfield tag="005">20241203172849.0</controlfield>
  <controlfield tag="008">181216s1956||||ru |||||||||||||| ||rus||</controlfield>
  <datafield tag="040" ind1=" " ind2=" ">
    <subfield code="c">GE_BSU</subfield>
  </datafield>
  <datafield tag="041" ind1=" " ind2=" ">
    <subfield code="a">geo</subfield>
  </datafield>
  <datafield tag="080" ind1=" " ind2=" ">
    <subfield code="a">61(035) &#x421;-74</subfield>
  </datafield>
  <datafield tag="245" ind1=" " ind2=" ">
    <subfield code="a">&#x421;&#x43F;&#x440;&#x430;&#x432;&#x43E;&#x447;&#x43D;&#x438;&#x43A; &#x43F;&#x440;&#x430;&#x43A;&#x442;&#x438;&#x447;&#x435;&#x441;&#x43A;&#x43E;&#x433;&#x43E; &#x432;&#x440;&#x430;&#x447;&#x430; &#x432; 2-&#x445; &#x442;&#x43E;&#x43C;&#x430;&#x445; :</subfield>
    <subfield code="c">&#x41F;&#x43E;&#x434; &#x43E;&#x431;&#x449;. &#x440;&#x435;&#x434;. ; &#x41F;. &#x418;.&#x415;&#x433;&#x43E;&#x440;&#x43E;&#x432;&#x430;,  &#x410;. &#x410;. &#x411;&#x443;&#x441;&#x430;&#x43B;&#x43E;&#x432;&#x430;,  &#x412;. &#x410;. &#x41A;&#x440;&#x430;&#x43A;&#x43E;&#x432;&#x430; &#x438; &#x434;&#x440;. ;  &#x421;&#x43E;&#x441;&#x442;. &#x410;&#x43B;&#x435;&#x43A;&#x441;&#x435;&#x435;&#x432; &#x413;. &#x410;. ; &#x410;&#x43B;&#x435;&#x43A;&#x441;&#x435;&#x435;&#x432; &#x41D;. &#x413;. ;  &#x410;&#x440;&#x438;&#x435;&#x432;&#x438;&#x447; &#x410;. &#x41C;.</subfield>
  </datafield>
  <datafield tag="264" ind1=" " ind2=" ">
    <subfield code="a">&#x41C;&#x43E;&#x441;&#x43A;&#x432;&#x430; :</subfield>
    <subfield code="b">&#x41C;&#x435;&#x434;&#x433;&#x438;&#x437;,</subfield>
    <subfield code="c">1956.</subfield>
  </datafield>
  <datafield tag="300" ind1=" " ind2=" ">
    <subfield code="a">1071 &#x441;&#x442;&#x440;. ;</subfield>
    <subfield code="c">21 &#x441;&#x43C;.</subfield>
  </datafield>
  <datafield tag="653" ind1=" " ind2=" ">
    <subfield code="a">&#x421;&#x43F;&#x440;&#x430;&#x432;&#x43E;&#x447;&#x43D;&#x438;&#x43A; &#x43F;&#x440;&#x430;&#x43A;&#x442;&#x438;&#x447;&#x435;&#x441;&#x43A;&#x43E;&#x433;&#x43E; &#x432;&#x440;&#x430;&#x447;&#x430;</subfield>
  </datafield>
  <datafield tag="942" ind1=" " ind2=" ">
    <subfield code="c">BK</subfield>
    <subfield code="2">udc</subfield>
  </datafield>
  <datafield tag="952" ind1=" " ind2=" ">
    <subfield code="0">0</subfield>
    <subfield code="1">0</subfield>
    <subfield code="2">udc</subfield>
    <subfield code="4">0</subfield>
    <subfield code="6">61035_&#x421;74</subfield>
    <subfield code="7">0</subfield>
    <subfield code="9">63891</subfield>
    <subfield code="a">CPL</subfield>
    <subfield code="b">CPL</subfield>
    <subfield code="c">GEN</subfield>
    <subfield code="d">2018-12-17</subfield>
    <subfield code="o">61(035) &#x421;-74</subfield>
    <subfield code="p">27500</subfield>
    <subfield code="r">2018-12-17</subfield>
    <subfield code="t">27500</subfield>
    <subfield code="w">2018-12-17</subfield>
    <subfield code="y">BK</subfield>
  </datafield>
</record>
